00500nam a2200169Ia 4500008004100000040001900041041001200060082002500072100001500097245005200112260003700164300004500201504003200246650001500278651001900293850001800312131103s9999 xx 000 0 und d aLoreto College aEnglish a954/CARbLCLIB/17164 aCaroe,Olaf 4aThe Pathans (500B.C - A.D. 1957)cBy Olaf Caroe aLondonbMacmillan & Co Ltdc1965 axxii, 521 p.b Maps,ill. platesc 23 cm. aIncludes glossary and index aHistory -  aThe Pathans -  aLCLIB/954/CAR